01018nam a2200181 450000500170000000800410001704000440005808200150010210000480011724500330016526000590019830000350025750004140029250600210070660000440072765000400077165000250081120160523160856.0160523s1878 ck |||fr|||| 000 0 spa d aCO-BoUCMbspacSandra YazodSandra Yazo04220a922.221 aCarrasquilla, Rafael Maríad1857-1930 ‎10aVida de Pio IXcpor R. M. C. aBogotá (Colombia)bImprenta de F. Torres Amayac1878 avi, 258 páginasc17 x 22 cm. aDetalles físicos: Encuadernación rígida en cartón forrado en cuero. Tapas y lomo con adornos repujados y en dorado. Guardas simulando papel de agua. Hoja de cortesía. Portada impresa en una sola tinta y suelta. Texto impreso en una sola tinta con algunas notas al pie de página. Papel muy manchado. Varias hojas sueltas. Cortes pintados en dorado. Algunas hojas mal recortadas en el borde inferior aConsulta en sala1 aPío bIX, cPapa, BeatoxBiografías 7aPadres de la iglesia xBiografías 7aPapas xBiografías